[Event "Goch op 08th"]
[Site "Goch"]
[Date "1997.10.18"]
[Round "5"]
[White "Kurtz, Michael"]
[Black "Wolkowski, Boris"]
[Result "0-1"]
[WhiteElo "1765"]
[BlackElo "2135"]
[PlyCount "44"]
[EventDate "1997.10.16"]
[EventType "swiss"]
[EventRounds "7"]
[EventCountry "GER"]
[SourceTitle "EXT 2001"]
[Source "ChessBase"]
[SourceDate "2000.11.22"]
[SourceVersion "1"]
[SourceVersionDate "2000.11.22"]
[SourceQuality "1"]

1. d4 d5 2. e4 dxe4 3. f3 e5 4. Be3 exd4 5. Bxd4 Nc6 6. Bb5 Bd7 7. Be3 Bd6 8. Nc3 Nf6 9. Qd2 Qe7 10. 0-0-0 0-0-0 11. Nge2 a6 12. Bxc6 Bxc6 13. Nd4 Bd7 14. Nb3 Be6 15. Qd4 Bxb3 16. axb3 c5 17. Qc4 exf3 18. Rhe1 Qe6 19. Rxd6 Qxd6 20. Bxc5 Qd2+ 21. Kb1 Qxe1+ 22. Ka2 Qe6 0-1